000 00776nam a2200217 a 4500
999 _c6391
_d6391
001 6391
003 BD-JhCC
005 20211111134021.0
008 180122s2009 bg |||| |||| 000 0 ben d
035 _a(BD-JhCC)
040 _aBD-JhCC
_dBD-JhCC
041 _aben
082 _a297
_bNAY 2009
100 _aনায়েক, ড. জাকির
245 _aডাঃ জাকির নায়েক লেকচার সমগ্র /
_cড. জাকির নায়েক; মোঃ রফিকুল ইসলাম
260 _aঢাকা:
_bপিস পাবলিকেশন;
_c২০০৯
300 _a৬৭২ পৃ;,
_c২২ সেমি
650 _aIslam
700 _aইসলাম, মোঃ রফিকুল
942 _2ddc
_cBK
_023